000 00248nam a2200109Ia 4500
008 190907s9999||||xx |||||||||||||| ||und||
100 _aBernard Grob
245 0 _aBasic Electronics
260 _aIndia
_bPearson
_c2000
300 _a1010
942 _cBK
999 _c6322
_d6322